Filosofía y métodos de las ciencias sociales
Salvato in:
| Autore principale: | |
|---|---|
| Natura: | Libro |
| Lingua: | spagnolo |
| Pubblicazione: |
Buenos Aires
Manantial
2002
|
| Edizione: | 1a. ed |
| Soggetti: | |
| Tags: |
Aggiungi Tag
Nessun Tag, puoi essere il primo ad aggiungerne!!
|
MARC
| LEADER | 00000cam a2200000 a 4500 | ||
|---|---|---|---|
| 001 | UCJ1132 | ||
| 003 | CL-VaPUC | ||
| 008 | 060929e20020000AG |||||||||||||||||spa|d | ||
| 020 | |a 987500071X | ||
| 082 | 0 | 4 | |a 300.1 |b SCH |2 21 |
| 100 | 0 | |a Schuster, Federico L |e author |9 501675 | |
| 245 | 1 | 0 | |a Filosofía y métodos de las ciencias sociales |
| 250 | |a 1a. ed | ||
| 300 | |a 310 p | ||
| 942 | |c BK | ||
| 945 | |d 20060929 00:00:00 |a jtorresc | ||
| 260 | |a Buenos Aires |b Manantial |c 2002 | ||
| 650 | 0 | |a Ciencias sociales |9 256351 | |
| 583 | |a last modification |c 20120910 01:19:48 |k Rodrigo Vera | ||
| 999 | |c 317843 |d 317841 | ||
| 952 | |0 0 |1 0 |4 0 |6 300_100000000000000_SCH_2002 |7 0 |8 A |9 394831 |a BIBGIM |b BIBGIM |d 2019-11-22 |i 4282469 |o 300.1 SCH 2002 |p 4282469 |r 2025-01-15 |w 2019-11-22 |y BK |k SSL | ||
| 952 | |0 0 |1 0 |4 0 |6 300_100000000000000_SCH_2002 |7 0 |8 A |9 394832 |a BIBGIM |b BIBGIM |d 2019-11-22 |i 4814681 |o 300.1 SCH 2002 |p 4814681 |r 2025-01-15 |w 2019-11-22 |y BK |k SSL | ||
| 952 | |0 0 |1 0 |4 0 |6 300_100000000000000_SCH_2002 |7 0 |8 A |9 394833 |a BIBGIM |b BIBGIM |d 2019-11-22 |i 4904788 |o 300.1 SCH 2002 |p 4904788 |r 2025-01-15 |w 2019-11-22 |y BK |k SSL | ||